000 00341nam a22001457a 4500
008 211013b ||||| |||| 00| 0 eng d
020 _a9780878225170
041 _aeng
080 _22nd
_a159.9
082 _a159.9
100 _a48
101 _aPSI
245 _aParents and Adolescents Living Together
_cForgatch,M.S
942 _2udc
_cBK
999 _c58205
_d58205